[Event "AUT-ch U18 Online Rapid"]
[Site "Playchess.com INT"]
[Date "2020.12.13"]
[Round "2"]
[White "Schmidt, Florian1111"]
[Black "Schmeja, Johannes"]
[Result "1-0"]
[WhiteElo "1763"]
[BlackElo "1555"]
[PlyCount "127"]
[EventDate "2020.12.13"]
[EventType "swiss (rapid)"]
[EventRounds "7"]
[EventCountry "AUT"]
[SourceTitle "EXT 2022"]
[Source "ChessBase"]
[SourceDate "2021.10.06"]
[SourceVersion "1"]
[SourceVersionDate "2021.10.06"]
[SourceQuality "1"]

1. e4 c5 2. d4 cxd4 3. c3 d5 4. exd5 Qxd5 5. Nf3 Nc6 6. cxd4 Bg4 7. Nc3 Qd8 8. d5 Bxf3 9. Qxf3 Ne5 10. Bb5+ Nd7 11. 0-0 a6 12. Ba4 b5 13. Bb3 Ngf6 14. Re1 Rc8 15. Bg5 g6 16. d6 e6 17. Nd5 Bg7 18. Nc7+ Rxc7 19. dxc7 Qxc7 20. Rac1 Qb8 21. Bf4 e5 22. Bxe5 Nxe5 23. Qc6+ Nfd7 24. Qc8+ Qxc8 25. Rxc8+ Ke7 26. Rxh8 Bxh8 27. f4 Kd6 28. Rd1+ Kc7 29. fxe5 Nxe5 30. Bd5 f5 31. b3 Nd7 32. Bg8 h6 33. Bf7 Ne5 34. Be6 Bf6 35. h3 f4 36. Rc1+ Kd6 37. Bc8 a5 38. Rd1+ Kc6 39. Bg4 g5 40. Rc1+ Kd6 41. Rc8 b4 42. Ra8 Nc6 43. Ra6 Bd4+ 44. Kf1 Kc7 45. Bf3 Bb6 46. Bxc6 Kxc6 47. Ra8 Bd4 48. Rg8 Kb5 49. Rg6 a4 50. Rxh6 axb3 51. axb3 Bb6 52. Rg6 Bd8 53. Ke2 Kc5 54. Kd3 Kd5 55. Rg8 Bf6 56. Rf8 Be7 57. Rb8 Ke5 58. Rb5+ Kf6 59. Ke4 Kg6 60. Re5 Kh5 61. Rxe7 g4 62. hxg4+ Kxg4 63. Rf7 f3 64. Rxf3 1-0

[Event "AUT-ch U18 Online Blitz"]
[Site "Playchess.com INT"]
[Date "2020.12.11"]
[Round "1"]
[White "Schmeja, Johannes"]
[Black "Bauer, Sebastian1111"]
[Result "0-1"]
[WhiteElo "1620"]
[BlackElo "2022"]
[PlyCount "64"]
[EventDate "2020.12.11"]
[EventType "swiss (blitz)"]
[EventRounds "7"]
[EventCountry "AUT"]
[SourceTitle "EXT 2022"]
[Source "ChessBase"]
[SourceDate "2021.10.06"]
[SourceVersion "1"]
[SourceVersionDate "2021.10.06"]
[SourceQuality "1"]

1. c4 Nf6 2. Nc3 g6 3. Nf3 Bg7 4. g3 0-0 5. Bg2 d6 6. 0-0 Nc6 7. d4 Bf5 8. a3 Ne4 9. Nxe4 Bxe4 10. Be3 d5 11. Rc1 e6 12. b4 Ne7 13. c5 Nf5 14. Qb3 Bxf3 15. Bxf3 Bxd4 16. Bxd4 Nxd4 17. Qd3 e5 18. e4 Qf6 19. Bg2 dxe4 20. Qxe4 c6 21. Rfe1 Rfe8 22. Rc3 Qf5 23. Rce3 Nc2 24. Rd1 Nxe3 25. Qxe3 Rad8 26. Rxd8 Rxd8 27. Be4 Qe6 28. Bd3 Qd5 29. f4 Qxd3 30. Qxe5 Qd4+ 31. Qxd4 Rxd4 32. Kf2 Rd3 0-1

[Event "AUT-ch U18 Online Blitz"]
[Site "Playchess.com INT"]
[Date "2020.12.11"]
[Round "3"]
[White "Wischounig, Laurin"]
[Black "Schmeja, Johannes"]
[Result "1-0"]
[WhiteElo "1600"]
[BlackElo "1620"]
[PlyCount "47"]
[EventDate "2020.12.11"]
[EventType "swiss (blitz)"]
[EventRounds "7"]
[EventCountry "AUT"]
[SourceTitle "EXT 2022"]
[Source "ChessBase"]
[SourceDate "2021.10.06"]
[SourceVersion "1"]
[SourceVersionDate "2021.10.06"]
[SourceQuality "1"]

1. d4 d5 2. c4 dxc4 3. e3 e5 4. Nf3 exd4 5. Bxc4 Nc6 6. exd4 Nf6 7. 0-0 Be7 8. Nc3 0-0 9. Re1 Bg4 10. h3 Bh5 11. g4 Bg6 12. d5 Na5 13. Ne5 Nxc4 14. Nxc4 Re8 15. Bf4 a6 16. Rc1 Rc8 17. Na5 c5 18. Nxb7 Qb6 19. Qb3 Qxb3 20. axb3 Bf8 21. Na4 Ne4 22. Nb6 Rc7 23. Bxc7 Nf6 24. d6 1-0

[Event "Steyr Landesliga 1819"]
[Site "Austria"]
[Date "2019.04.06"]
[Round "11.8"]
[White "Lemsitzer, Simon"]
[Black "Schmeja, Johannes"]
[Result "1-0"]
[WhiteElo "1724"]
[BlackElo "1455"]
[PlyCount "89"]
[EventDate "2018.10.06"]
[EventType "team-tourn"]
[EventRounds "11"]
[EventCountry "AUT"]
[SourceTitle "EXT 2021"]
[Source "ChessBase"]
[SourceDate "2020.10.23"]
[SourceVersion "1"]
[SourceVersionDate "2020.10.23"]
[SourceQuality "1"]
[WhiteTeam "Leibnitz"]
[BlackTeam "Graz Schachfreunde"]
[WhiteTeamCountry "AUT"]
[BlackTeamCountry "AUT"]

1. e4 c5 2. Nf3 Nc6 3. d4 cxd4 4. Nxd4 Nf6 5. Nc3 e5 6. Ndb5 d6 7. Bg5 a6 8. Bxf6 gxf6 9. Na3 b5 10. Nd5 f5 11. Bd3 Be6 12. Ne3 f4 13. Nd5 Bg7 14. c3 0-0 15. c4 b4 16. Nc2 Qg5 17. 0-0 Bh3 18. Ne1 Nd4 19. Kh1 Bg4 20. f3 Bh5 21. Nxb4 Rfb8 22. Qd2 a5 23. Nd5 a4 24. Rb1 Kh8 25. Nc2 Bh6 26. Nxd4 exd4 27. Be2 Rg8 28. Rg1 Qe5 29. Rbd1 Qg5 30. Qxd4+ Bg7 31. Qf2 Be5 32. Nc7 Rab8 33. Nb5 Rb6 34. b4 axb3 35. axb3 Ra6 36. Bf1 f6 37. Nc7 Rc6 38. Ne6 Qg6 39. Nd4 Ra6 40. c5 Bxd4 41. Rxd4 dxc5 42. Rd5 Rc6 43. Rxc5 Rxc5 44. Qxc5 Bxf3 45. gxf3 1-0